| 000 | 00479nam a2200181Ia 4500 | ||
|---|---|---|---|
| 008 | 220726s9999||||xx |||||||||||||| ||und|| | ||
| 020 | _a9789388756303 | ||
| 082 | _a610 | ||
| 082 | _bVer/P | ||
| 100 | _aVerma, Ajit Kumar & Saxena, Jyoti & Bairagee, Deepika | ||
| 245 | 0 | _aKumar-Practical Manual of Pharmaceutics- 1: B. Pharm; 1st Semester | |
| 250 | _a1st Edition | ||
| 260 | _aAgra | ||
| 260 | _bR. Narain Publishers | ||
| 260 | _c2019 | ||
| 300 | _a80 | ||
| 942 | _cPB | ||
| 999 |
_c35578 _d35578 |
||